Elecciones 82 : Felipe González : Historia de un triunfador Felipe González :
Descripción Física:
10 v. ; 30 cm
MARC
| LEADER | 00000nam a2200000Ia 4500 | ||
|---|---|---|---|
| 001 | 8415, 8416, 8417, 8418, 8419, 8420, 8421, 8422, 8423, 8424 | ||
| 008 | 160829s1982 xx 000 0 cat d | ||
| 080 | |a M-1-1, M-1-2, M-1-3, M-1-4, M-1-5, M-1-6, M-1-7, M-1-8, M-1-9, M-1-10 | ||
| 245 | |a Elecciones 82 : |b Felipe González : |b Historia de un triunfador | ||
| 260 | |a Madrid : |b Diputación Provincial de Barcelona. Delegación de Madrid, |c 1982 | ||
| 300 | |a 10 v. ; |c 30 cm | ||
| 590 | |a Col·lecció de 4.750 retalls de premsa referents a les eleccions generals de 1982. | ||
| 610 | 2 | 0 | |9 56503 |a Espanya. |b Cortes Generales. |b Congreso de los Diputados |x Eleccions |y 1982 |
| 650 | |a Eleccions |x Espanya |x 1982 |9 28715 | ||
| 901 | |a Arxiu | ||
| 942 | |n 1 |2 udc | ||
| 952 | |0 0 |1 0 |4 0 |6 M11_M12_M13_M14_M15_M16_M17_M18_M19_M110 |7 1 |9 44917 |a Arxiu |b Arxiu |d 2016-12-01 |l 0 |o M-1-1, M-1-2, M-1-3, M-1-4, M-1-5, M-1-6, M-1-7, M-1-8, M-1-9, M-1-10 |p 8415, 8416, 8417, 84 |r 2016-12-01 00:00:00 |w 2016-12-01 |y ARXIU | ||
| 999 | |c 47516 |d 47516 | ||